000 00885cam a2200241 a 4500
001 000007672
005 20200929154245.0
008 780410s1971 mx b 001 e spa
040 _aDO-SdBNP
_cDLC
_dDLC
_dBNPHU
082 _a864.0844
_bC741e
110 0 _aComunidad Latinoamericana de Escritores
_921265
245 1 3 _aEl ensayo actual latinoamericano (antología) /
_cSelección, prólogo y notas de Ernesto Mejía Sánchez y Fedro Guillén.
260 _aMéxico, D. F. :
_bde Andrea,
_c1971.
300 _a288 p. ;
_c20 cm.
504 _aIncluye referencias bibliográficas.
650 4 _aEnsayos latinoamericanos
_xColecciones
_921266
650 4 _aLiteratura latinoamericana
_xColecciones
_921267
700 1 _aMejía Sánchez, Ernesto,
_epról.
_921268
700 1 _aGuillén, Fedro,
_epról.
_921269
910 _aCatalogación por copia / LC
910 _aWM
049 _aBNGR
999 _c7452
_d7452